Statystyki dla Flagi republik radzieckich

Kliknij tutaj aby rozwiązać quiz!

Ogólne statystyki

  • Ten quiz został rozwiązany 8 razy
  • Średni wynik to 8 z 15

Statystyki odpowiedzi

Odpowiedź% Poprawnych
Białoruska Republika Radziecka
86%
Ukraińska Republika Radziecka
86%
Armeńska Republika Radziecka
71%
Rosyjska Republika Radziecka
71%
Estońska Republika Radziecka
57%
Kazachska Republika Radziecka
57%
Łotewska Republika Radziecka
57%
Azerbejdżańska Republika Radziecka
43%
Litewska Republika Radziecka
43%
Mołdawska Republika Radziecka
43%
Turkmeńska Republika Radziecka
43%
Gruzińska Republika Radziecka
29%
Kirgiska Republika Radziecka
29%
Tadżycka Republika Radziecka
29%
Uzbecka Republika Radziecka
29%

Rozkład punktacji

Percentyl według liczby udzielonych odpowiedzi

Procent ludzi z każdym wynikiem

Twoja historia wyników

Nie rozwiązałeś tego quizu